Apodos del fútbol argentino - Estadísticas

Estadísticas generales
  • Esta prueba ha sido intentada 601 veces
  • La puntuación promedio es 27 de 44
Estadísticas de respuestas
Apodo Club % Correcto
Academia Racing Club
98%
Canalla Rosario Central
91%
Arse Arsenal
90%
Calamar Platense
90%
Millonario River Plate
90%
Xeneize Boca Juniors
89%
Globo Huracán
89%
Cuervo San Lorenzo
89%
Bicho Argentinos Juniors
88%
Pincharrata Estudiantes (LP)
84%
Granate Lanús
84%
Pirata Belgrano
83%
Sabalero Colón
83%
Cervecero Quilmes
83%
Taladro Banfield
80%
Tiburón Aldosivi
79%
Tomba Godoy Cruz
79%
Tatengue Unión (SF)
76%
Decano Atlético Tucuman
75%
Halcón Defensa y Justicia
75%
Gallo Deportivo Morón
71%
Funebrero Chacarita
70%
Crema Atlético Rafaela
66%
Bohemio Atlanta
61%
Guapo Barracas Central
60%
Ferroviario Centrál Córdoba (SdE)
55%
Cipo Cipolletti
53%
Gallego Deportivo Español
51%
Torito Nueva Chicago
50%
Gasolero Temperley
48%
Aurinegro Olimpo
47%
Dragón Defensores de Belgrano
43%
Verdolaga Ferro Carril Oeste
40%
Sojero Agropecuario
39%
Fragata Almirante Brown
36%
Naranja Berazategui
34%
Colectivero Crucero del Norte
32%
Canario Flandria
29%
Cartero Comunicaciones
25%
Candombero San Telmo
24%
Villero Laferrere
20%
Gaucho Guemes (SdE)
13%
Fogonero Douglas Haig
12%
Trapero Yupanqui
10%
No se encontraron pruebas coincidentes
Distribución de puntuación
Porcentaje de gente con cada puntuación
Porcentaje por número respondido
Historial de tus puntuaciones
No has intentado esta prueba.